Statistics for Horrible Histories Songs

Click here to take the quiz!

General Stats

  • This quiz has been taken 50 times
  • The average score is 26 of 61

Answer Stats

EraAnswer% Correct
Gorgeous GeorgiansThe 4 Georges (Born 2 Rule)
90%
Awful EgyptiansRa Ra Cleopatra
79%
Cut-Throat CeltsBoudicca
72%
Terrible TudorsThe wives of Henry VIII (Divorced beheaded and Died)
72%
Vicious Vikings
Literally! (The Viking Song)
67%
Terrible TudorsHenry VII (The Original Tu-Tu-Tudor)
64%
Slimy StuartsKing of Bling (Charles II song)
64%
Putrid PiratesBlackbeard's Song
62%
Gorgeous GeorgiansDick Turpin, Highwayman
62%
Gorgeous GeorgiansGeorge IV (Couldn't Stand My Wife)
62%
Woeful WWIIThe Few (RAF Pilots)
62%
Incredible IncasDo the Pachacuti
59%
Measly Middle AgesThe Truth About Richard III
59%
Groovy GreeksSpartan School Musical
54%
Savage Stone AgeCave Man Love
49%
Vile VictoriansCharles Darwin: Natural Selection
49%
Vile VictoriansCharles Dickens
49%
Awesome USARosa Parks: I Sat On a Bus
49%
Groovy GreeksThe Thinkers
49%
N/AWe're History
49%
Vile VictoriansWork, Terrible Work
49%
Angry AztecsAin't Staying Alive
46%
Measly Middle AgesWilliam Wallace, Scottish Rebel
46%
Groovy GreeksAlexander the Great
44%
N/AIts Not True
44%
Terrible TudorsMary the First
44%
Awesome USAReal Life Cowboys
44%
N/AThe English Kings and Queens
44%
Measly Middle AgesThe Plague Song
44%
Vile VictoriansVictorian Inventions
41%
Vile VictoriansBurke And Hare Song
38%
Fabulous FrenchJoan of Arc
38%
Awful EgyptiansMaking a Mummy
38%
Vile VictoriansMary Seacole
38%
Savage Stone AgeThe Ages Of Stone
38%
Radical RenaissanceThe Borgia Family
38%
Gorgeous GeorgiansA Gorgeous Georgian Lady
36%
Groovy GreeksCrassus: Minted
36%
N/AI'm a Knight
36%
Awesome USAIt's a New World (Pilgrim Fathers)
36%
Vile VictoriansTransportation
36%
Woeful WWIIWe're The WWII Girls
36%
Vile VictoriansBritish Things
33%
Slimy StuardsThe English Civil War Song
33%
Vile VictoriansThe Suffragettes' Song
33%
Cut-Throat CeltsCeltic Boast Battles
31%
Gorgeous GeorgiansThe Luddites!
31%
Vile VictoriansVictoria and Albert: a Love Ballad
31%
Vicious VikingsVikings and Garfunkel
31%
Terrible TudorsWilliam Shakespeare and The Quills
31%
Measly Middle AgesOwain Glyndŵr: First Prince of Wales
26%
Terrible TudorsTerrible Tudors
26%
Slimy StuartsWe've Got The Blue Blooded Blues
26%
Gorgeous GeorgiansAustralia
23%
N/AFlame!
23%
Gorgeous Georgians(We're The) Georgian Navy
23%
Measly Middle AgesFunky Monks (The Monks Song)
21%
Measly Middle AgesMatilda(s) and Stephen: Norman Family Tree Song
13%
Rotten RomansThe Evil Emporers Song
13%
Groovy GreeksWe Are Greeks
10%
Awful EgyptiansLearn Your Heiroglyphics
5%

Score Distribution

Percentile by Number Answered

Percent of People with Each Score

Your Score History

You have not taken this quiz